Postacie z serii gier "FNaF" - Statystyki

Ogólne statystyki
  • Ten quiz został rozwiązany 1 086 razy
  • Średni wynik to 34 z 83
Statystyki odpowiedzi
Gra Postać % Poprawnych
FNaF Freddy Fazbear
98%
Foxy the Pirate
97%
Chica the Chicken
96%
Bonnie the Bunny
95%
Golden Freddy
89%
The Puppet
76%
Toy Bonnie
76%
Toy Chica
76%
Toy Freddy
75%
Mangle
74%
FNaF 3 Springtrap
71%
Old Chica
66%
Old Bonnie
65%
FNaF 2 Old Freddy
65%
Nightmare
64%
Old Foxy
63%
Balloon Boy
61%
Baby
58%
Nightmare Bonnie
58%
FNaF 4 Nightmare Freddy
58%
Nightmare Chica
57%
Ballora
56%
Nightmare Foxy
55%
Shadow Bonnie
55%
Phantom Freddie
54%
Shadow Freddy
54%
Funtime Foxy
53%
Sister Location Funtime Freddy
52%
Phantom Chica
51%
Nightmare Fredbear
50%
Phantom Foxy
50%
Old Golden Freddy
45%
Ennard
44%
Phantom Balloon Boy
44%
Phantom Puppet
44%
Phantom Mangle
43%
Nightmare Jack-O-Chica
42%
FNaF Security Breach Glamrock Freddy
41%
Nightmarionne
41%
Plushtrap
41%
Bon-Bon
40%
FNaF 4 Halloween Edition Nightmare Jack-O-Bonnie
40%
JJ
39%
Glamrock Chica
38%
Lefty
36%
Nightmare Balloon Boy
36%
Nightmare Mangle
35%
Rockstar Freddy
33%
Molten Freddy
32%
Rockstar Bonnie
32%
FNaF FFPS Scrap Baby
32%
Rockstar Chica
31%
Rockstar Foxy
31%
Scraptrap
31%
Vanny
31%
Funtime Chica
29%
Bonnet
28%
Lolbit
25%
Roxanne Wolf
22%
Yenndo
22%
Bidybab
21%
Music Man
21%
Mr.Hippo
20%
Happy Frog
19%
Minireena
19%
Montgomery Gator
19%
Electrobab
16%
Nedd Bear
14%
El Chip
13%
Orville Elephant
13%
Trash and the Gang
13%
Glitchtrap
12%
Phantom Golden Freddy
12%
Pigpatch
12%
Endoskeleton 01
10%
Endoskeleton 02
9%
Candy Cadet
8%
Security Puppet
8%
Paper Bonnie
4%
Paper Freddy
4%
Moon Animatronic
3%
Paper Plate Boy
3%
Sun Animatronic
3%
Nie znaleziono quizów pasujących do podanych kryteriów
Rozkład punktacji
Procent ludzi z każdym wynikiem
Percentyl według liczby udzielonych odpowiedzi
Twoja historia wyników
Nie rozwiązałeś tego quizu